| 000 | 00700nam a2200181 i 4500 | ||
|---|---|---|---|
| 001 | 124924 | ||
| 003 | ES-MaACL | ||
| 005 | 20230906192525.0 | ||
| 007 | t| | ||
| 008 | 070424s1926 sp ||||1| spa d | ||
| 245 | 0 | 0 |
_aTriada mutualista _b: celebrada los días 11,12 y 13 de diciembre de 1925 con motivo de la entrega de la Hucha de Honor a la Mutualidad Escolar "Lanuza" de Zaragoza. |
| 260 |
_a[s.l. : _bs.n.], _c1926 ( _fTipografía La Académica) |
||
| 300 |
_a85 p. ; _c22 cm. |
||
| 490 | 1 |
_aPublicaciones del Instituto Nacional de Previsión ; _v156 |
|
| 830 | 0 |
_aPublicaciones del Instituto Nacional de Previsión ; _v156 _9181151 |
|
| 852 |
_aES-MaACL _jC-12638(2) |
||
| 999 |
_c124924 _d124924 |
||